Normal view MARC view

Entry Personal Name

Number of records used in: 7

001 - CONTROL NUMBER

  • control field: 7949

003 - CONTROL NUMBER IDENTIFIER

  • control field: dpl

005 - DATE AND TIME OF LATEST TRANSACTION

  • control field: 20100806153752.0

008 - FIXED-LENGTH DATA ELEMENTS

  • fixed length control field: 100806|||a|||||| | ||| d

040 ## - CATALOGING SOURCE

  • Original cataloging agency: dpl
  • Transcribing agency: dpl

100 ## - HEADING--PERSONAL NAME

  • Personal name:
  • Dates associated with a name: Ramesh, R

670 ## - SOURCE DATA FOUND

  • Source citation: Work cat.: (dpl): Ramesh, R, Basic concepts in molecular biology /, (200?)

670 ## - SOURCE DATA FOUND

  • Source citation: Work cat.: (dpl): Ramesh, R, Basic concepts in molecular biology /, (200?)

© Delhi Public Library
Hit Counter
free hit counter